Largest US State by Category - Statistics

General Stats
  • This quiz has been taken 46 times
  • The average score is 10 of 15
Answer Stats
Category State % Correct
in the country Alaska
98%
of the continental states Texas
95%
bordering Canada along the 49th parallel Montana
86%
bordering Texas New Mexico
86%
with coast on the Atlantic Ocean Florida
83%
with population above 30 million California
81%
beginning with "north" North Dakota
79%
beginning with the letter "i" Idaho
76%
with its capital also its largest city Arizona
60%
landlocked by other states Nevada
57%
along the Mississippi Minnesota
50%
east of the Mississippi Michigan
48%
with area in the Appalachain mountains Georgia
45%
ending with the letter "n" Oregon
43%
east of the 80th meridian west New York
31%
No matching quizzes found
Score Distribution
Percent of People with Each Score
Percentile by Number Answered
Your Score History
You have not taken this quiz